<?xml version="1.0" encoding="UTF-8"?><?xml-stylesheet type="text/xsl" href="static/style.xsl"?><OAI-PMH xmlns="http://www.openarchives.org/OAI/2.0/" xmlns:xsi="http://www.w3.org/2001/XMLSchema-instance" xsi:schemaLocation="http://www.openarchives.org/OAI/2.0/ http://www.openarchives.org/OAI/2.0/OAI-PMH.xsd"><responseDate>2026-04-14T04:48:55Z</responseDate><request verb="GetRecord" identifier="oai:www.recercat.cat:20.500.14342/3970" metadataPrefix="marc">https://recercat.cat/oai/request</request><GetRecord><record><header><identifier>oai:recercat.cat:20.500.14342/3970</identifier><datestamp>2025-03-11T20:22:07Z</datestamp><setSpec>com_2072_482405</setSpec><setSpec>com_2072_183628</setSpec><setSpec>col_2072_482411</setSpec></header><metadata><record xmlns="http://www.loc.gov/MARC21/slim" xmlns:dcterms="http://purl.org/dc/terms/" xmlns:xsi="http://www.w3.org/2001/XMLSchema-instance" xmlns:doc="http://www.lyncode.com/xoai" xsi:schemaLocation="http://www.loc.gov/MARC21/slim http://www.loc.gov/standards/marcxml/schema/MARC21slim.xsd">
   <leader>00925njm 22002777a 4500</leader>
   <datafield ind2=" " ind1=" " tag="042">
      <subfield code="a">dc</subfield>
   </datafield>
   <datafield ind2=" " ind1=" " tag="720">
      <subfield code="a">Sala-Bubaré, Anna</subfield>
      <subfield code="e">author</subfield>
   </datafield>
   <datafield ind2=" " ind1=" " tag="720">
      <subfield code="a">Corcelles-Seuba, Mariona</subfield>
      <subfield code="e">author</subfield>
   </datafield>
   <datafield ind2=" " ind1=" " tag="720">
      <subfield code="a">Suñé-Soler, Núria</subfield>
      <subfield code="e">author</subfield>
   </datafield>
   <datafield ind2=" " ind1=" " tag="720">
      <subfield code="a">Castelló, Montserrat</subfield>
      <subfield code="e">author</subfield>
   </datafield>
   <datafield ind2=" " ind1=" " tag="260">
      <subfield code="c">2022-11</subfield>
   </datafield>
   <datafield ind2=" " ind1=" " tag="520">
      <subfield code="a">Over the last decade, national and international agencies have repeatedly called for research practices aligned with the Responsible Research and Innovation (RRI), with varied effects on different disciplines and countries. The COVID-19 pandemic made this need even more critical. This study aimed to explore whether and how, from researchers’ point of view, the COVID-19 pandemic has led to changes in RRI-based research practices in the different disciplines and, more generally, society’s perception of science. 1499 researchers in the three Catalan-speaking regions of Spain responded to an online questionnaire in the first months of the pandemic. Results showed that while only half perceived an impact on RRI-based practices, this proportion was higher for Health Sciences and Social Sciences researchers in all the dimensions. Most researchers perceived a positive impact on societal actors’ views of science, although researchers in the Humanities were more sceptical than those in other disciplines. The analysis of open-ended questions revealed researchers from all disciplines were also concerned about fake news and claimed that researchers’ working conditions and research funding across all disciplines needed to be improved for future research to be capable of coping with current and future challenges.</subfield>
   </datafield>
   <datafield ind1="8" ind2=" " tag="024">
      <subfield code="a">http://hdl.handle.net/20.500.14342/3970</subfield>
   </datafield>
   <datafield ind1="8" ind2=" " tag="024">
      <subfield code="a">https://doi.org/10.18543/tjhe.2324</subfield>
   </datafield>
   <datafield tag="653" ind2=" " ind1=" ">
      <subfield code="a">Recerca</subfield>
   </datafield>
   <datafield tag="653" ind2=" " ind1=" ">
      <subfield code="a">Pandèmia de COVID-19, 2020-</subfield>
   </datafield>
   <datafield tag="653" ind2=" " ind1=" ">
      <subfield code="a">Responsabilitat</subfield>
   </datafield>
   <datafield ind2="0" ind1="0" tag="245">
      <subfield code="a">Researchers’ perceptions of COVID-19 impact on Responsible Research and Innovation (RRI)-based practices and society’s view of science in the first months of the pandemic</subfield>
   </datafield>
</record></metadata></record></GetRecord></OAI-PMH>